Bilecik Bilecik Bilecik Bilecik Bilecik

Yaratıcılığın izinde/ (Record no. 69064)

MARC details
000 -BAŞLIK
Sabit Uzunluktaki Kontrol Alanı 01365nam a22003257a 4500
001 - KONTROL NUMARASI
Control Dosyası 0068376
003 - KONTROL NUMARASI KİMLİĞİ
Kontrol Alanı KOHA_MİRAKIL
005 - EN SON İŞLEM TARİHİ ve ZAMANI
Kontrol Alanı 20260207004758.0
007 - FİZİKSEL TANIM SABİT ALAN - GENEL BİLGİ
Sabit uzunluklu kontrol alanı ta
008 - SABİT UZUNLUKTAKİ VERİ ÖGELERİ - GENEL BİLGİ
Sabit Alan 230309b2020 tu |||gro|||#1|||1|tur |
020 ## - ISBN - ULUSLARARASI STANDART KİTAP NUMARASI
Isbn 9786052314333
040 ## - KATALOGLAMA KAYNAĞI
Özgün Kataloglama Kurumu TR-BiSEU
Kataloglama Dili tur
Çeviri Kurumu TR-BiSEU
Açıklama Kuralları rda
041 0# - DİL KODU
Metin ya da ses kaydının dil kodu tur
044 ## - YAYINLAYAN/ÜRETEN KURULUŞUN ÜLKE KODU
ISO country code tu
050 ## - SINIFLAMA ve YER NUMARASI
Sınıflama Numarası PL248
Yer Numarası .Y37 2020
245 0# - ESER ADI BİLDİRİMİ
Başlık Yaratıcılığın izinde/
Sorumluluk Bildirimi Ahmet Ümit, Arzu Kaprol, Ayhan Sicimoğlu, Benal Tanrısever Şimşek, Bozkurt İlham Gencer, Bülent Erkmen, Coşkun Aral, Defne Koz, Demet Akbağ, Dilan Bozyel, Edoardo Tresoldi, Erdil Yaşaroğlu, İskender Paydaş, Massimo Bottura, Mehmet Turgut, Mercan Dede, Mert Fırat, Oral Yazıcı, Ozan Açıktan, Stefan Sagmeister, Şemsa Denizsel, Uğurcan Ataoğlu, Zeynep Tosun, Zülfü Livaneli ; editör Tuğba Özöğretmen.
264 #1 - ÜRERİM, YAYIN, DAĞITIM ve TELİF BİLDİRİMİ
Yayın yeri İstanbul :
Yayınlayan Maltepe Üniversitesi Kitapları
Yayın tarihi 2020
300 ## - FİZİKSEL TANIMLAMA
Sayfa, Cilt vb. 152 sayfa: resimli; 22 cm.
336 ## - İÇERİK TÜRÜ
Content type term metin
Content type code txt
Source rdacontent
337 ## - MEDYA TÜRÜ
Media type term aracısız
Media type code n
Source rdamedia
338 ## - TAŞIYICI TÜRÜ
Carrier type term cilt
Carrier type code nc
Source rdacarrier
490 1# - DİZİ BİLDİRİMİ
Dizi Bildirimi Yayın no ;
Cilt Numarası 13
650 #0 - KONU BAŞLIĞI EK GİRİŞ - KONU TERİMİ
Konusal terim veya coğrafi ad Yaratıcılık yeteneği.
9 (RLIN) 34010
650 #0 - KONU BAŞLIĞI EK GİRİŞ - KONU TERİMİ
Konusal terim veya coğrafi ad Türk Edebiyatı--Söyleşi.
9 (RLIN) 128844
650 #0 - KONU BAŞLIĞI EK GİRİŞ - KONU TERİMİ
Konusal terim veya coğrafi ad Creativity ability.
9 (RLIN) 131218
650 #0 - KONU BAŞLIĞI EK GİRİŞ - KONU TERİMİ
Konusal terim veya coğrafi ad Turkish Literature--Interview.
9 (RLIN) 128843
830 1# - SERİ EK GİRİŞİ - TEKBİÇİM ESER ADI
Tekbiçim Başlık Yayın no ;
Volume number/sequential designation 13
9 (RLIN) 1619
907 ## - LOCAL DATA ELEMENT G, LDG (RLIN)
a Söyleşi
942 ## - EK GİRİŞ ÖGELERİ (KOHA)
Source of classification or shelving scheme Library of Congress Classification
Koha item type Book
Holdings
Materyal Türü Kalıcı Konum Mevcut Konum Raf Yeri Sınıflandırma Kaynağı Edinim Bilgisi Ana Konular Alt Konular Yer Numarası Demirbaş Numarası Fatura Tarihi Geri Çekilme Durumu Kayıp Durumu Hasarlı Durumu Kredi için değil Kayıt Tarih Toplam Ödünçverme Son Görülme Tarihi Son Kontrol Tarihi Genel / Bağış Notu
Book Prof. Dr. Azmi Özcan Kütüphanesi Prof. Dr. Azmi Özcan Kütüphanesi Birûni Salonu Library of Congress Classification Bağış DİL VE EDEBİYAT Doğu Asya, Afrika, Okyanusya Dilleri ve Edebiyatları PL248 .Y37 2020 0068376 02/02/2026         09/03/2023 1 06/03/2025 06/03/2025 Maltepe Üniversitesi , Kurum